| 000 | 00381nam a2200157Ia 4500 | ||
|---|---|---|---|
| 008 | 230917s9999||||xx |||||||||||||| ||und|| | ||
| 040 |
_e204461 _aMAIN |
||
| 041 | _aEnglish | ||
| 082 | _a005.133 K13L(12) | ||
| 100 | _aKanetkar, Yashavant P | ||
| 245 | 0 | _aLet us C | |
| 250 | _a16th ed. | ||
| 260 |
_aNew Delhi _bBPB Publications _c2019 |
||
| 300 | _axiv, 464 p. | ||
| 942 | _cBK | ||
| 999 |
_c171850 _d171850 |
||